<?xml version="1.0" encoding="UTF-8"?>
<record
    xmlns:xsi="http://www.w3.org/2001/XMLSchema-instance"
    xsi:schemaLocation="http://www.loc.gov/MARC21/slim http://www.loc.gov/standards/marcxml/schema/MARC21slim.xsd"
    xmlns="http://www.loc.gov/MARC21/slim">

  <leader>00927nam a2200229Ia 4500</leader>
  <controlfield tag="001">IA_The analysis of the environmental impact that would cause the production of coffee was very low, due to technology in production and the choices available for the factory to protect the environment.</controlfield>
  <controlfield tag="002">DISENO DEL PROCESO DE LICOR DE CAFE EN LA EMPRESA</controlfield>
  <controlfield tag="008">220117s    xx            000 0 und d</controlfield>
  <datafield tag="010" ind1=" " ind2=" ">
    <subfield code="a">185854</subfield>
  </datafield>
  <datafield tag="530" ind1=" " ind2=" ">
    <subfield code="a">Disponible en PDF</subfield>
  </datafield>
  <datafield tag="650" ind1=" " ind2=" ">
    <subfield code="a">Alcoholic beverages</subfield>
    <subfield code="9">160443</subfield>
  </datafield>
  <datafield tag="650" ind1=" " ind2=" ">
    <subfield code="a">Bebidas alcoh&#xF3;licas  </subfield>
    <subfield code="9">146806</subfield>
  </datafield>
  <datafield tag="650" ind1=" " ind2=" ">
    <subfield code="a">Coffee products  </subfield>
  </datafield>
  <datafield tag="650" ind1=" " ind2=" ">
    <subfield code="a">Licores  </subfield>
    <subfield code="9">66717</subfield>
  </datafield>
  <datafield tag="650" ind1=" " ind2=" ">
    <subfield code="a">Liqueurs  </subfield>
    <subfield code="9">155399</subfield>
  </datafield>
  <datafield tag="650" ind1=" " ind2=" ">
    <subfield code="a">Productos del caf&#xE9;  </subfield>
    <subfield code="9">150527</subfield>
  </datafield>
  <datafield tag="700" ind1=" " ind2=" ">
    <subfield code="a">P&#xE9;rez Barr&#xF3;n, Juan, asesor</subfield>
    <subfield code="9">163753</subfield>
  </datafield>
  <datafield tag="700" ind1=" " ind2=" ">
    <subfield code="a">Ram&#xED;rez Santiago, C&#xE9;sar, asesor </subfield>
    <subfield code="9">163736</subfield>
  </datafield>
  <datafield tag="700" ind1="1" ind2=" ">
    <subfield code="a">Santos Moreno, Armando</subfield>
    <subfield code="9">147701</subfield>
  </datafield>
  <datafield tag="942" ind1=" " ind2=" ">
    <subfield code="c">TESIS R365 2015</subfield>
  </datafield>
  <datafield tag="999" ind1=" " ind2=" ">
    <subfield code="c">185854</subfield>
    <subfield code="d">185854</subfield>
  </datafield>
</record>
